[Event "Mittelfrankenliga 05/06 (B1)"]
[Site "Mfr.2005/06-R3"]
[Date "2005.12.04"]
[Round "3.8"]
[White "Jesenek, Leopold"]
[Black "Kotissek, Robert"]
[Result "1/2-1/2"]
[WhiteElo "1494"]
[BlackElo "1775"]
[Annotator "Cadolzburg1-Schwanstetten1"]
[PlyCount "84"]
[EventDate "2005.12.04"]
[SourceDate "2005.10.17"]

1. e4 c5 2. Nf3 Nf6 3. Nc3 d5 4. Bb5+ Nc6 5. Ne5 Qc7 6. Bxc6+ bxc6 7. d4 cxd4
8. Qxd4 e6 9. Bf4 Bd6 10. exd5 exd5 11. Nd3 O-O 12. O-O Bf5 13. Bxd6 Qxd6 14.
f3 Rfe8 15. Rae1 a6 16. Rf2 Rxe1+ 17. Nxe1 c5 18. Qd2 d4 19. Ne2 Rd8 20. g4 Be6
21. a3 Qb6 22. Qc1 c4 23. Nf4 Rb8 24. Nxe6 fxe6 25. c3 d3 26. Kg2 Ra8 27. Kf1
Qd6 28. Qd2 e5 29. g5 Nd7 30. b4 cxb3 31. Qxd3 Qxd3+ 32. Nxd3 Rc8 33. Rb2 Rxc3
34. Ke2 Rc4 35. Rxb3 e4 36. fxe4 Rxe4+ 37. Kf3 Re6 38. Rc3 Ne5+ 39. Nxe5 Rxe5
40. h4 Re6 41. Re3 Rb6 42. Kf4 Kf7 1/2-1/2

[Event "Mittelfrankenliga 05/06 (B1)"]
[Site "Mfr.2005/06-R3"]
[Date "2005.12.04"]
[Round "3.1"]
[White "Trefny, Vlastimil"]
[Black "Promyshlyanskiy, Vitaliy"]
[Result "0-1"]
[WhiteElo "2203"]
[BlackElo "2204"]
[Annotator "NT Nbg.3-SG/TB Erlangen1"]
[PlyCount "56"]
[EventDate "2005.12.04"]
[SourceDate "2005.10.17"]

1. e4 e5 2. Nf3 Nf6 3. Nxe5 d6 4. Nxf7 Kxf7 5. d4 c5 6. dxc5 Nc6 7. Bc4+ Be6 8.
Bxe6+ Kxe6 9. O-O Be7 10. Qe2 Kf7 11. Nc3 Qd7 12. Bf4 Qe6 13. cxd6 Bxd6 14.
Bxd6 Qxd6 15. f4 Rhe8 16. e5 Qc5+ 17. Kh1 Kg8 18. Rad1 Re7 19. Qf3 Ne8 20. Rd5
Qb4 21. Rb5 Qc4 22. b3 Qf7 23. Rd1 a6 24. Rbd5 Nc7 25. R5d2 Rf8 26. Ne2 Ne6 27.
Qg4 h5 28. Qh4 Nxf4 0-1

[Event "Mittelfrankenliga 05/06 (B1)"]
[Site "Mfr.2005/06-R3"]
[Date "2005.12.04"]
[Round "3.2"]
[White "Vogiatzis, Dimitrios"]
[Black "Goetz, Andreas[66]"]
[Result "0-1"]
[WhiteElo "1967"]
[BlackElo "2135"]
[Annotator "NT Nbg.3-SG/TB Erlangen1"]
[PlyCount "118"]
[EventDate "2005.12.04"]
[SourceDate "2005.10.17"]

1. e4 c6 2. Nf3 d5 3. exd5 cxd5 4. Ne5 Qc7 5. d4 e6 6. Bf4 Bd6 7. Nc3 a6 8. Qf3
Nf6 9. O-O-O Nc6 10. Qe2 O-O 11. Bg3 b5 12. Kb1 b4 13. Na4 Ne4 14. f4 Ne7 15.
Qe3 Nf5 16. Qd3 Bxe5 17. fxe5 Bd7 18. Nc5 Nxc5 19. dxc5 Qxc5 20. Bf4 Qf2 21.
Bd2 a5 22. g4 Ne7 23. h4 Qb6 24. h5 Rab8 25. Be3 Qc7 26. Bf4 Bb5 27. Qe3 Rfc8
28. Rh2 a4 29. Bxb5 Rxb5 30. h6 g6 31. Bg5 Nc6 32. Bf6 d4 33. Qf4 Rxe5 34. Bxe5
Qxe5 35. Qxe5 Nxe5 36. Rxd4 Nf3 37. Rhd2 Nxd2+ 38. Rxd2 f5 39. Rd7 Rf8 40. g5
f4 41. Kc1 f3 42. Rd1 Rf5 43. Rf1 Kf7 44. Kd2 f2 45. Ke3 Ke7 46. Rxf2 Rxg5 47.
Rf4 Rb5 48. Rc4 Rb7 49. Rc8 Kf6 50. Rg8 g5 51. Kd4 a3 52. b3 Rc7 53. Kd3 Rc3+
54. Kd2 Rh3 55. Rb8 Rxh6 56. Rxb4 Rh2+ 57. Kd3 h5 58. Rb8 h4 59. Rg8 Rh1 0-1

[Event "Mittelfrankenliga 05/06 (B1)"]
[Site "Mfr.2005/06-R3"]
[Date "2005.12.04"]
[Round "3.3"]
[White "Liepold, Stefan"]
[Black "Ederer, Rene"]
[Result "1-0"]
[WhiteElo "2191"]
[BlackElo "1936"]
[Annotator "NT Nbg.3-SG/TB Erlangen1"]
[PlyCount "63"]
[EventDate "2005.12.04"]
[SourceDate "2005.10.17"]

1. e4 c5 2. Nf3 Nc6 3. d4 cxd4 4. Nxd4 Nf6 5. Nc3 e5 6. Ndb5 d6 7. Bg5 a6 8.
Na3 b5 9. Nd5 Be7 10. Bxf6 Bxf6 11. c3 O-O 12. Nc2 Bg5 13. a4 bxa4 14. Rxa4 a5
15. Bc4 Rb8 16. Qa1 Kh8 17. O-O g6 18. b4 axb4 19. cxb4 Bh6 20. b5 Ne7 21. Nxe7
Qxe7 22. Nb4 Qh4 23. Bd3 Be6 24. Nc6 Rbc8 25. Qa3 Bd7 26. Qxd6 Bxc6 27. bxc6
Rfe8 28. Ra7 Qd8 29. Rd7 Qb6 30. Qf6+ Bg7 31. Qxf7 Rg8 32. c7 1-0

[Event "Mittelfrankenliga 05/06 (B1)"]
[Site "Mfr.2005/06-R3"]
[Date "2005.12.04"]
[Round "3.4"]
[White "Renner, Christian"]
[Black "Martin Fernandez, Rodrigo"]
[Result "1/2-1/2"]
[WhiteElo "1920"]
[BlackElo "2079"]
[Annotator "NT Nbg.3-SG/TB Erlangen1"]
[PlyCount "116"]
[EventDate "2005.12.04"]
[SourceDate "2005.10.17"]

1. d4 Nf6 2. Nf3 c5 3. d5 d6 4. Nc3 g6 5. e4 Bg7 6. Be2 O-O 7. O-O Nbd7 8. Nd2
Ne8 9. Nc4 Nc7 10. a4 b6 11. Be3 Ba6 12. Qd2 f5 13. f3 Rf7 14. Bh6 Qf8 15. Bxg7
Qxg7 16. Na3 Bb7 17. Rab1 Na6 18. Ncb5 fxe4 19. fxe4 Rxf1+ 20. Bxf1 Ne5 21. Be2
Bc8 22. c3 Bd7 23. Rf1 c4 24. Nxc4 Nc5 25. Nxe5 Qxe5 26. Qf4 Qxf4 27. Rxf4 Nxa4
28. e5 Nc5 29. exd6 g5 30. Rd4 Bxb5 31. Bxb5 exd6 32. b4 Nb3 33. Re4 Rc8 34.
Bc6 Kg7 35. Re7+ Kg6 36. Re6+ Kg7 37. Rxd6 a5 38. bxa5 bxa5 39. Rd7+ Kg6 40.
Rb7 Nd2 41. h3 Rf8 42. Ra7 Rf1+ 43. Kh2 Rc1 44. Rxa5 Rxc3 45. d6 Rxc6 46. d7
Nf3+ 47. Kg3 Rd6 48. Ra6 Rxa6 49. d8=Q Ne5 50. Qg8+ Kf6 51. Qh8+ Kf5 52. Qc8+
Re6 53. Qc2+ Kf6 54. Qxh7 Ng6 55. Qc7 Re5 56. Qd8+ Re7 57. Kg4 Ne5+ 58. Kg3 Ng6
1/2-1/2

[Event "Mittelfrankenliga 05/06 (B1)"]
[Site "Mfr.2005/06-R3"]
[Date "2005.12.04"]
[Round "3.5"]
[White "Petzold, Vinzenz"]
[Black "Vogiatzis, Joannis"]
[Result "1-0"]
[WhiteElo "2068"]
[BlackElo "1921"]
[Annotator "NT Nbg.3-SG/TB Erlangen1"]
[PlyCount "65"]
[EventDate "2005.12.04"]
[SourceDate "2005.10.17"]

1. d4 d5 2. c4 e6 3. Nc3 Nf6 4. Bg5 Be7 5. e3 h6 6. Bh4 O-O 7. Rc1 b6 8. Nf3
Bb7 9. Be2 Nbd7 10. cxd5 exd5 11. O-O c5 12. Qa4 Ne4 13. Bxe7 Qxe7 14. Ba6 Bxa6
15. Qxa6 Nxc3 16. Rxc3 c4 17. b3 cxb3 18. axb3 Nf6 19. Rfc1 Qb4 20. Nd2 Rfe8
21. Qd3 a5 22. Rc7 Reb8 23. Nf3 Qa3 24. Ne5 Rf8 25. Qb5 a4 26. bxa4 Rxa4 27.
Qxb6 Rb4 28. Qc5 Qb3 29. Qe7 Ne8 30. Rc8 Rb7 31. Nd7 Rc7 32. Qxf8+ Kh7 33. Qxe8
1-0

[Event "Mittelfrankenliga 05/06 (B1)"]
[Site "Mfr.2005/06-R3"]
[Date "2005.12.04"]
[Round "3.6"]
[White "Krauss, Hermann"]
[Black "Walter, Thomas[78]"]
[Result "0-1"]
[WhiteElo "1999"]
[BlackElo "2026"]
[Annotator "NT Nbg.3-SG/TB Erlangen1"]
[PlyCount "58"]
[EventDate "2005.12.04"]
[SourceDate "2005.10.17"]

1. c4 Nf6 2. Nc3 g6 3. e4 d6 4. d4 Bg7 5. Be2 c6 6. f4 Qa5 7. Bf3 h5 8. Nge2
Na6 9. O-O Bd7 10. Kh1 Ng4 11. a3 Be6 12. Qb3 Rb8 13. d5 Bd7 14. Qa2 Qb6 15.
Nd1 cxd5 16. cxd5 Nc5 17. b4 Nd3 18. Bxg4 Bxg4 19. Be3 Qa6 20. Rb1 Nxb4 21.
Rxb4 Bxe2 22. Re1 Bxd1 23. Rxd1 O-O 24. Rc1 Rbc8 25. Rbc4 Rxc4 26. Rxc4 b5 27.
Rc7 b4 28. Kg1 Qd3 29. Bxa7 b3 0-1

[Event "Mittelfrankenliga 05/06 (B1)"]
[Site "Mfr.2005/06-R3"]
[Date "2005.12.04"]
[Round "3.7"]
[White "Weiss, Michael[81]"]
[Black "Bayer, Marius"]
[Result "1/2-1/2"]
[WhiteElo "1956"]
[BlackElo "1879"]
[Annotator "NT Nbg.3-SG/TB Erlangen1"]
[PlyCount "104"]
[EventDate "2005.12.04"]
[SourceDate "2005.10.17"]

1. Nf3 c5 2. c4 Nc6 3. Nc3 g6 4. e4 Bg7 5. Be2 e5 6. O-O Nge7 7. a3 O-O 8. Rb1
d6 9. b4 f5 10. d3 f4 11. Nd5 h6 12. b5 Nb8 13. Bd2 Nd7 14. a4 Nf6 15. b6 Nexd5
16. cxd5 axb6 17. Qb3 Nd7 18. Rfc1 Kh7 19. Be1 Rf7 20. Nd2 h5 21. Nc4 Qf8 22.
Bf3 Kh6 23. Qd1 Ra6 24. Rb2 Bf6 25. Rcb1 Bd8 26. Bd2 Bc7 27. Na3 Kh7 28. Nb5
Bd8 29. Rc1 Be7 30. Nc7 Ra7 31. Ne6 Qe8 32. g3 Nf8 33. Nxf8+ Qxf8 34. gxf4 exf4
35. d4 Bf6 36. Bc3 Bd7 37. Rxb6 cxd4 38. Bxd4 Bxd4 39. Qxd4 Rxa4 40. Qb2 Bc8
41. Qc3 Bh3 42. Qb3 Ra7 43. Qb4 Rd7 44. e5 Qf5 45. e6 Qg5+ 46. Kh1 Bg2+ 47.
Bxg2 f3 48. Bxf3 Qxc1+ 49. Kg2 Qg5+ 50. Kh3 Qf5+ 51. Kg2 Qg5+ 52. Kh3 Qf5+
1/2-1/2

[Event "Mittelfrankenliga 05/06 (B1)"]
[Site "Mfr.2005/06-R3"]
[Date "2005.12.04"]
[Round "3.8"]
[White "Puehn, Georg"]
[Black "Salzwedel, Wolfgang"]
[Result "1-0"]
[WhiteElo "1901"]
[BlackElo "1977"]
[Annotator "NT Nbg.3-SG/TB Erlangen1"]
[PlyCount "141"]
[EventDate "2005.12.04"]
[SourceDate "2005.10.17"]

1. e4 c5 2. Nf3 Nc6 3. Bb5 a6 4. Bxc6 bxc6 5. O-O d5 6. exd5 cxd5 7. c3 Bd7 8.
d4 e6 9. Re1 c4 10. Bf4 Nf6 11. h3 Be7 12. Nbd2 O-O 13. Ne5 Bb5 14. Qe2 Nd7 15.
Ndf3 Nxe5 16. Nxe5 Bg5 17. Bg3 Bf6 18. f4 Bh4 19. Qg4 Bxg3 20. Qxg3 Ba4 21. Re2
Qf6 22. Rf1 Qf5 23. Qf3 Qf6 24. Ref2 Ra7 25. g4 Qd8 26. Qg2 f6 27. Nf3 Qd6 28.
Qg3 Rb7 29. Rg2 Rfb8 30. Rff2 Bd1 31. Ne1 h6 32. Rd2 Ba4 33. Qh2 Be8 34. Rdf2
Bg6 35. f5 Qxh2+ 36. Kxh2 exf5 37. gxf5 Bh5 38. Kg3 Re8 39. Nf3 Re3 40. Kf4
Rbe7 41. Rg1 R7e4+ 42. Kg3 Rd3 43. Rgf1 Ree3 44. Kg2 a5 45. Ng1 a4 46. Rb1 a3
47. bxa3 Rxc3 48. a4 Ra3 49. Rb5 Bf7 50. a5 Red3 51. Rb8+ Kh7 52. Rb7 Bh5 53.
Kh2 Rg3 54. Rb5 Bf7 55. a6 Rge3 56. Rb7 Kg8 57. a7 c3 58. Re2 Rxe2+ 59. Nxe2
Be8 60. Nxc3 Bc6 61. Rc7 Be8 62. Rc8 Rxa7 63. Rxe8+ Kf7 64. Rc8 Ra5 65. a4 Ra7
66. Rc5 g6 67. fxg6+ Kxg6 68. a5 f5 69. Nxd5 Ra6 70. Nb4 Rd6 71. Rc6 1-0

[Event "Mittelfrankenliga 05/06 (B1)"]
[Site "Mfr.2005/06-R3"]
[Date "2005.12.04"]
[Round "3.1"]
[White "Demburg, Dimitrij"]
[Black "Glitz, Martin"]
[Result "1/2-1/2"]
[WhiteElo "1956"]
[BlackElo "1998"]
[Annotator "Herzogenaurach1-Nbg.1911/1"]
[PlyCount "85"]
[EventDate "2005.12.04"]
[SourceDate "2005.10.17"]

1. e4 c6 2. d4 d5 3. Nc3 dxe4 4. Nxe4 Bf5 5. Ng3 Bg6 6. Nf3 Nd7 7. Bc4 e6 8.
O-O Ngf6 9. Re1 Be7 10. a3 O-O 11. Qe2 Nd5 12. Bb3 Qb6 13. h4 h6 14. h5 Bh7 15.
Bxd5 cxd5 16. c3 Bd6 17. Kh1 Qc7 18. Nf1 a6 19. Be3 b5 20. Rad1 Rab8 21. Bd2 a5
22. Ne5 Nxe5 23. dxe5 Be7 24. Nh2 Qc4 25. Qf3 Bc2 26. Rc1 Be4 27. Qg3 Bh4 28.
Qg4 Bf5 29. Qf3 Rfc8 30. Kg1 Qb3 31. g4 Be4 32. Qh3 Qxb2 33. Nf1 Be7 34. g5
Bxg5 35. Bxg5 hxg5 36. Qg3 Qxa3 37. Qxg5 Rxc3 38. h6 Bg6 39. hxg7 Kxg7 40. Qf6+
Kg8 41. Rxc3 Qxc3 42. Re3 Qc2 43. Rh3 1/2-1/2

[Event "Mittelfrankenliga 05/06 (B1)"]
[Site "Mfr.2005/06-R3"]
[Date "2005.12.04"]
[Round "3.2"]
[White "Walther, Reinhard"]
[Black "Steger, Otmar"]
[Result "1/2-1/2"]
[WhiteElo "1960"]
[BlackElo "1984"]
[Annotator "Herzogenaurach1-Nbg.1911/1"]
[PlyCount "108"]
[EventDate "2005.12.04"]
[SourceDate "2005.10.17"]

1. d4 d5 2. c4 c6 3. Nc3 Nf6 4. Nf3 e6 5. Bg5 dxc4 6. e4 b5 7. e5 h6 8. Bh4 g5
9. Nxg5 hxg5 10. Bxg5 Nbd7 11. Qf3 Qb6 12. Bxf6 Nxf6 13. Qxf6 Rh6 14. Qf4 Bb7
15. Be2 O-O-O 16. Rd1 c5 17. dxc5 Rxd1+ 18. Nxd1 Qxc5 19. O-O Bg7 20. Bf3 Bxf3
21. Qxf3 Bxe5 22. g3 Rf6 23. Qa8+ Bb8 24. Ne3 e5 25. Qe4 Qd4 26. Qh7 Kb7 27.
Rd1 Qxb2 28. Qe4+ Ka6 29. f4 exf4 30. Nxc4 bxc4 31. Rb1 Qxb1+ 32. Qxb1 Rb6 33.
Qe4 fxg3 34. Qxc4+ Ka5 35. hxg3 Bxg3 36. Qc3+ Ka6 37. Qc4+ Ka5 38. Qxf7 Bb8 39.
Qc4 Bd6 40. Kf1 Bb8 41. Ke2 Bd6 42. Qd5+ Ka6 43. Kd3 Bb8 44. Kc4 Bd6 45. Qd1
Rc6+ 46. Kd5 Rb6 47. Qa4+ Kb7 48. Qd7+ Bc7 49. Kc5 Rd6 50. Qe8 Rb6 51. a4 Bd6+
52. Kd5 a5 53. Qd7+ Bc7 54. Kc5 Rd6 1/2-1/2

[Event "Mittelfrankenliga 05/06 (B1)"]
[Site "Mfr.2005/06-R3"]
[Date "2005.12.04"]
[Round "3.3"]
[White "Augustin, Achim"]
[Black "Trockmann, Rafael"]
[Result "0-1"]
[WhiteElo "1948"]
[BlackElo "1912"]
[Annotator "Herzogenaurach1-Nbg.1911/1"]
[PlyCount "68"]
[EventDate "2005.12.04"]
[SourceDate "2005.10.17"]

1. d4 c5 2. c3 e6 3. Nf3 Nf6 4. e3 Nc6 5. Bd3 d5 6. Ne5 Nd7 7. f4 g6 8. O-O f5
9. Nd2 Ndxe5 10. fxe5 h5 11. h3 Bd7 12. Qf3 Qb6 13. Qg3 Ne7 14. Nf3 Bh6 15. h4
O-O-O 16. Qe1 Rdg8 17. b4 c4 18. Bc2 Qd8 19. e4 Rg7 20. b5 Qg8 21. Ng5 Bxg5 22.
hxg5 h4 23. Kh2 Rgh7 24. Ba3 Qd8 25. Bd6 Ng8 26. Rf3 Qxg5 27. Qb1 Nh6 28. Qb4
Ng4+ 29. Kg1 Ne3 30. Qc5+ Kd8 31. Rf2 h3 32. Qc7+ Ke8 33. Qb8+ Qd8 34. Qxb7
hxg2 0-1

[Event "Mittelfrankenliga 05/06 (B1)"]
[Site "Mfr.2005/06-R3"]
[Date "2005.12.04"]
[Round "3.4"]
[White "Wellmann, Franz Georg"]
[Black "Herbst, Thomas"]
[Result "1-0"]
[WhiteElo "1863"]
[BlackElo "1927"]
[Annotator "Herzogenaurach1-Nbg.1911/1"]
[PlyCount "71"]
[EventDate "2005.12.04"]
[SourceDate "2005.10.17"]

1. e4 e5 2. Nf3 Nf6 3. Nxe5 d6 4. Nf3 Nxe4 5. Bc4 d5 6. Bb3 Be7 7. Nc3 Nxc3 8.
dxc3 c6 9. c4 dxc4 10. Qxd8+ Bxd8 11. Bxc4 O-O 12. Bf4 Nd7 13. O-O-O Nb6 14.
Bb3 Bg4 15. Bd6 Bxf3 16. gxf3 Re8 17. Rhe1 Bf6 18. Re4 Bg5+ 19. Kb1 Rad8 20.
Rxe8+ Rxe8 21. c4 Re2 22. Bf4 Bf6 23. Rd2 Rxd2 24. Bxd2 Kf8 25. a4 Nd7 26. Bd1
Ke7 27. Be3 c5 28. f4 Kd6 29. Bf3 b6 30. Bd5 Ke7 31. Ka2 Bh4 32. a5 Nf6 33. b4
cxb4 34. Bxb6 axb6 35. a6 Nxd5 36. cxd5 1-0

[Event "Mittelfrankenliga 05/06 (B1)"]
[Site "Mfr.2005/06-R3"]
[Date "2005.12.04"]
[Round "3.5"]
[White "Wissmeier, Bernd"]
[Black "Habermann, Manfred,Dr."]
[Result "1/2-1/2"]
[WhiteElo "1910"]
[BlackElo "1857"]
[Annotator "Herzogenaurach1-Nbg.1911/1"]
[PlyCount "77"]
[EventDate "2005.12.04"]
[SourceDate "2005.10.17"]

1. e4 e6 2. d3 g6 3. f4 Bg7 4. Nf3 Ne7 5. d4 d6 6. c3 b6 7. Bd3 Bb7 8. Be3 Nd7
9. Na3 a6 10. Rc1 h6 11. Qe2 f5 12. Bf2 O-O 13. O-O Nf6 14. exf5 exf5 15. Rfe1
Ne4 16. Bh4 Qd7 17. Nd2 d5 18. Nf3 Kh7 19. Rcd1 c5 20. dxc5 bxc5 21. Bxe4 fxe4
22. Qxe4 Nf5 23. Qd3 Qc7 24. Bg3 Rfe8 25. Nc2 Qb6 26. Bf2 Qxb2 27. Bxc5 Qxc3
28. Qxc3 Bxc3 29. Rxe8 Rxe8 30. Rd3 Bg7 31. Rb3 Rc8 32. Bd4 Rxc2 33. Rxb7 Rxa2
34. Be5 Kg8 35. g4 Bxe5 36. Nxe5 Nh4 37. Rb8+ Kg7 38. Rb7+ Kf6 39. Rb6+ 1/2-1/2

[Event "Mittelfrankenliga 05/06 (B1)"]
[Site "Mfr.2005/06-R3"]
[Date "2005.12.04"]
[Round "3.6"]
[White "Eichstaedt, Timm"]
[Black "Weinmann, Stefan"]
[Result "1/2-1/2"]
[WhiteElo "1861"]
[BlackElo "1991"]
[Annotator "Herzogenaurach1-Nbg.1911/1"]
[PlyCount "118"]
[EventDate "2005.12.04"]
[SourceDate "2005.10.17"]

1. Nf3 Nf6 2. d4 g6 3. Nbd2 d5 4. e3 Bg7 5. c4 c6 6. Be2 O-O 7. O-O Nbd7 8. b4
Ne4 9. Qb3 Ndf6 10. Bb2 Bg4 11. Rfd1 Qb8 12. a4 h5 13. b5 Re8 14. cxd5 cxd5 15.
Nxe4 dxe4 16. Ne5 Bxe2 17. Qxf7+ Kh7 18. Qxg6+ Kg8 19. Rd2 Bg4 20. h3 Bd7 21.
Ba3 Qd8 22. Qf7+ Kh7 23. Rc2 Rc8 24. Rxc8 Bxc8 25. Ng6 Qd5 26. Ne5 Qxf7 27.
Nxf7 Nd5 28. Ng5+ Kg6 29. Nxe4 Bd7 30. Nc5 Bc8 31. Rc1 Kf7 32. Kf1 Rg8 33. Nd3
Bf5 34. Nc5 b6 35. Na6 Rc8 36. Rxc8 Bxc8 37. Nb8 Bb7 38. Nc6 Bxc6 39. bxc6 Ke8
40. Ke2 e6 41. Kd3 Bf8 42. Bxf8 Kxf8 43. Kc4 Ke7 44. g4 hxg4 45. hxg4 Kd6 46.
g5 Ne7 47. Kb5 Kc7 48. Ka6 Kxc6 49. Kxa7 b5 50. axb5+ Kxb5 51. Kb7 Kc4 52. Kc7
Kd5 53. Kd7 Ng6 54. f4 Nh4 55. Ke7 Nf5+ 56. Kf7 Nxe3 57. g6 Nf5 58. Kf6 Kxd4
59. Kxe6 Ke4 1/2-1/2

[Event "Mittelfrankenliga 05/06 (B1)"]
[Site "Mfr.2005/06-R3"]
[Date "2005.12.04"]
[Round "3.7"]
[White "Pannek, Matthias"]
[Black "Habermann, Horst"]
[Result "1-0"]
[WhiteElo "1953"]
[BlackElo "1808"]
[Annotator "Herzogenaurach1-Nbg.1911/1"]
[PlyCount "53"]
[EventDate "2005.12.04"]
[SourceDate "2005.10.17"]

1. Nc3 d5 2. e4 d4 3. Nce2 e5 4. Ng3 c5 5. Nf3 Qc7 6. Bc4 Nc6 7. d3 h6 8. O-O
Nf6 9. Nh4 Bd6 10. Nhf5 Bxf5 11. Nxf5 O-O 12. Qf3 Ne8 13. g4 Ne7 14. Nh4 g5 15.
Nf5 Kh7 16. h4 f6 17. hxg5 fxg5 18. Qh3 Nxf5 19. gxf5 Qg7 20. Kh1 g4 21. Qh2
Nf6 22. Kg2 h5 23. Qh4 Rg8 24. Rh1 Qe7 25. Bg5 Rxg5 26. Qxg5 Kh8 27. Qh6+ 1-0

[Event "Mittelfrankenliga 05/06 (B1)"]
[Site "Mfr.2005/06-R3"]
[Date "2005.12.04"]
[Round "3.8"]
[White "Spies, Timon"]
[Black "Leising, Thomas"]
[Result "0-1"]
[WhiteElo "1784"]
[BlackElo "1918"]
[Annotator "Herzogenaurach1-Nbg.1911/1"]
[PlyCount "60"]
[EventDate "2005.12.04"]
[SourceDate "2005.10.17"]

1. e4 c5 2. d4 cxd4 3. c3 dxc3 4. Nxc3 d6 5. Nf3 e6 6. Bc4 Be7 7. O-O Nf6 8.
Qe2 O-O 9. Rd1 Ne8 10. Bf4 a6 11. Rd2 Nc6 12. Rad1 Na5 13. Bd3 b5 14. Bb1 Nc4
15. Rc2 Qa5 16. a4 Nxb2 17. axb5 Nxd1 18. Qxd1 Bb7 19. bxa6 Bxa6 20. Ne2 Bxe2
21. Qxe2 Nf6 22. e5 dxe5 23. Bxe5 Rfc8 24. h3 Rxc2 25. Qxc2 Qc5 26. Qb2 Rc8 27.
Qb7 Nd5 28. Bd4 Qc1+ 29. Kh2 Qc7+ 30. Qxc7 Rxc7 0-1

[Event "Mittelfrankenliga 05/06 (B1)"]
[Site "Mfr.2005/06-R3"]
[Date "2005.12.04"]
[Round "3.1"]
[White "Erlbeck, Peter"]
[Black "Basting, Steffen"]
[Result "1-0"]
[WhiteElo "1991"]
[BlackElo "1973"]
[Annotator "SF Fürth1-SW Nbg.2"]
[PlyCount "93"]
[EventDate "2005.12.04"]
[SourceDate "2005.10.17"]

1. e4 c5 2. Nc3 Nc6 3. f4 g6 4. Nf3 Bg7 5. Bc4 e6 6. f5 Nge7 7. fxe6 fxe6 8. d3
O-O 9. O-O d5 10. Bb3 Nd4 11. Bg5 Nxb3 12. axb3 d4 13. Na4 b5 14. Nxc5 Qd6 15.
b4 Nc6 16. Qe1 a5 17. Qh4 Ra7 18. e5 Nxe5 19. Nxe5 Qxe5 20. Rxf8+ Bxf8 21. Re1
Qd5 22. Ne4 Bg7 23. Rf1 e5 24. Be7 Bf5 25. Bc5 Ra8 26. Nf6+ Bxf6 27. Qxf6 axb4
28. Bxb4 Qe6 29. Qxe6+ Bxe6 30. Re1 Ra2 31. Rxe5 Rxb2 32. Rxe6 Rxb4 33. Kf2 Rb2
34. Re2 Kf7 35. Kf3 Kf6 36. Ke4 Rb4 37. Kd5 h5 38. Kc5 Rb1 39. Kxd4 Rh1 40. h3
Rf1 41. Kc5 Rf5+ 42. Kd6 b4 43. d4 Rf1 44. d5 Rc1 45. Kd7 Ra1 46. d6 Ra2 47.
Kc7 1-0

[Event "Mittelfrankenliga 05/06 (B1)"]
[Site "Mfr.2005/06-R3"]
[Date "2005.12.04"]
[Round "3.2"]
[White "Kociurzynski, Andre"]
[Black "Woerl, Richard"]
[Result "1/2-1/2"]
[WhiteElo "1967"]
[BlackElo "1977"]
[Annotator "SF Fürth1-SW Nbg.2"]
[PlyCount "45"]
[EventDate "2005.12.04"]
[SourceDate "2005.10.17"]

1. e4 c5 2. Nf3 Nc6 3. Nc3 e6 4. d4 cxd4 5. Nxd4 Bc5 6. Be3 Qb6 7. Na4 Qa5+ 8.
c3 Bxd4 9. Bxd4 Nxd4 10. Qxd4 Nf6 11. e5 Nd5 12. Nc5 f5 13. Nb3 Qc7 14. Bd3 O-O
15. O-O b6 16. Rad1 Bb7 17. c4 Nb4 18. Bb1 Rf7 19. Rfe1 Rc8 20. a3 Na6 21. Bd3
Nc5 22. Nxc5 bxc5 23. Qd6 1/2-1/2

[Event "Mittelfrankenliga 05/06 (B1)"]
[Site "Mfr.2005/06-R3"]
[Date "2005.12.04"]
[Round "3.3"]
[White "Luther, Helmut"]
[Black "Kirbach, Thomas"]
[Result "1/2-1/2"]
[WhiteElo "1896"]
[BlackElo "1936"]
[Annotator "SF Fürth1-SW Nbg.2"]
[PlyCount "111"]
[EventDate "2005.12.04"]
[SourceDate "2005.10.17"]

1. d4 Nf6 2. c4 d6 3. Nc3 g6 4. e4 Bg7 5. f3 c6 6. Bg5 Nbd7 7. Nh3 Qa5 8. Qd2
e5 9. d5 cxd5 10. Nxd5 Qxd2+ 11. Bxd2 Nxd5 12. cxd5 a5 13. Nf2 Nc5 14. Nd1 f5
15. Nc3 Bd7 16. Nb5 Bxb5 17. Bxb5+ Ke7 18. Rc1 fxe4 19. fxe4 Rhc8 20. O-O Nxe4
21. Rxc8 Rxc8 22. Bxa5 Rc5 23. a4 Nf6 24. Bb4 Rc8 25. Rd1 Bh6 26. h3 Rc1 27.
Rxc1 Bxc1 28. Bc4 Bxb2 29. Kf2 Bd4+ 30. Ke2 Nh5 31. Bd2 Bc5 32. Bg5+ Kf7 33.
Kf3 Nf6 34. Bxf6 Kxf6 35. Bb5 Ke7 36. Ke4 Kd8 37. Kd3 Kc7 38. Be8 g5 39. Ke4
Kb6 40. Bb5 h5 41. Be8 h4 42. Bd7 Ka5 43. Be8 Kb4 44. Bd7 Kc3 45. Bg4 Kd2 46.
Bh5 Bb6 47. Bg4 Ke1 48. Bf3 Kf2 49. Kd3 Kg3 50. Ke2 Kf4 51. Bg4 e4 52. Bh5 Bd4
53. Bg4 Kg3 54. Kf1 Bc5 55. Bh5 e3 56. Bg4 1/2-1/2

[Event "Mittelfrankenliga 05/06 (B1)"]
[Site "Mfr.2005/06-R3"]
[Date "2005.12.04"]
[Round "3.4"]
[White "Schoeller, Wolfgang"]
[Black "Siptitz, Friedrich,Dr."]
[Result "1-0"]
[WhiteElo "2003"]
[BlackElo "1949"]
[Annotator "SF Fürth1-SW Nbg.2"]
[PlyCount "73"]
[EventDate "2005.12.04"]
[SourceDate "2005.10.17"]

1. e4 c6 2. d4 g6 3. Bd3 Bg7 4. Ne2 d6 5. O-O e5 6. c3 Qb6 7. Na3 Qc7 8. Be3
Ne7 9. Qd2 O-O 10. Rad1 f5 11. dxe5 dxe5 12. Bc5 b5 13. c4 b4 14. Bxb4 c5 15.
Ba5 Qb7 16. Nb5 Nbc6 17. Bb1 Be6 18. b3 Nd4 19. Nexd4 exd4 20. Nc7 Bd7 21. Nxa8
Rxa8 22. exf5 Nxf5 23. Qf4 Bc6 24. Bxf5 gxf5 25. f3 Qf7 26. Rfe1 Qg6 27. Bd2 h6
28. Re7 Bf8 29. Re2 Rd8 30. Rde1 Kh7 31. Re6 Bd6 32. Qxh6+ Qxh6 33. Rxh6+ Kg7
34. Ree6 Bxh2+ 35. Kxh2 Bd7 36. Reg6+ Kf7 37. Rd6 1-0

[Event "Mittelfrankenliga 05/06 (B1)"]
[Site "Mfr.2005/06-R3"]
[Date "2005.12.04"]
[Round "3.5"]
[White "Thuerauf, Peter"]
[Black "Koschka, Guenther"]
[Result "0-1"]
[WhiteElo "1863"]
[BlackElo "1938"]
[Annotator "SF Fürth1-SW Nbg.2"]
[PlyCount "96"]
[EventDate "2005.12.04"]
[SourceDate "2005.10.17"]

1. d4 d5 2. Nf3 Nf6 3. c4 e6 4. Nc3 Be7 5. Bg5 h6 6. Bh4 O-O 7. e3 Nbd7 8. Rc1
dxc4 9. Bxc4 b6 10. O-O Bb7 11. Bxf6 Nxf6 12. Ne5 c5 13. Qe2 a6 14. Rfd1 b5 15.
Bd3 cxd4 16. exd4 Qb6 17. Bb1 Rfd8 18. Qd3 Rac8 19. Ng4 b4 20. Na4 Qa5 21. Rxc8
Bxc8 22. Bc2 Kf8 23. Ne5 Bb7 24. Bb3 Be4 25. Qe2 Bd5 26. Bc2 Rc8 27. b3 Qc7 28.
Bd3 a5 29. Nb2 Bb7 30. Nbc4 Nd5 31. Qh5 Bf6 32. Nxf7 Nf4 33. Qc5+ Qxc5 34. dxc5
Rxc5 35. Nfd6 Bxg2 36. Be4 Rg5 37. Bxg2 Rxg2+ 38. Kh1 Rxf2 39. Nxa5 Rxa2 40.
Nc6 Bc3 41. Ne4 Nd5 42. Nc5 Ne3 43. Nxe6+ Kf7 44. Ned8+ Kf6 45. Rd6+ Kg5 46.
Ne6+ Kh4 47. Kg1 Rg2+ 48. Kh1 Rf2 0-1

[Event "Mittelfrankenliga 05/06 (B1)"]
[Site "Mfr.2005/06-R3"]
[Date "2005.12.04"]
[Round "3.6"]
[White "Thiele, Heinz[56]"]
[Black "Konsek, Peter"]
[Result "1/2-1/2"]
[WhiteElo "1994"]
[BlackElo "1942"]
[Annotator "SF Fürth1-SW Nbg.2"]
[PlyCount "120"]
[EventDate "2005.12.04"]
[SourceDate "2005.10.17"]

1. c4 c5 2. Nc3 g6 3. g3 Bg7 4. Bg2 Nc6 5. Nf3 d6 6. O-O e5 7. d3 Nge7 8. Ne1
Be6 9. Nc2 d5 10. cxd5 Nxd5 11. Ne3 Nde7 12. Ne4 b6 13. Ng5 Bd7 14. Rb1 O-O 15.
a3 Rc8 16. Bd2 Nd4 17. Nc2 Ba4 18. Rc1 Nef5 19. Nf3 Nxf3+ 20. Bxf3 Nd4 21. Bg2
Qd7 22. Bc3 Nxc2 23. Rxc2 Rfd8 24. Qb1 Bxc2 25. Qxc2 c4 26. dxc4 Rxc4 27. Be4
Kh8 28. Bd3 Rc7 29. Qb3 Qd5 30. Qa4 f5 31. Rd1 Rdc8 32. Ba6 Qa8 33. Bxc8 Qxc8
34. Qb5 Rc5 35. Qd7 Rc7 36. Qxc8+ Rxc8 37. Rd7 Ra8 38. Re7 Kg8 39. Bxe5 Bxe5
40. Rxe5 Kf7 41. Rd5 Ke6 42. Rd2 Rc8 43. h4 h6 44. Kg2 g5 45. hxg5 hxg5 46. Kf3
b5 47. Ke3 b4 48. axb4 Rc4 49. Kd3 Rxb4 50. Kc3 Rb7 51. b4 g4 52. Rd4 Ke5 53.
f4+ gxf3 54. exf3 Rh7 55. f4+ Ke6 56. b5 Rb7 57. Kc4 a6 58. bxa6 Rb6 59. a7 Ra6
60. Kc5 Rxa7 1/2-1/2